00640 2200217 4500001002100000005001500021035002000036245007800056100001900134250001000153300003600163260003500199082000800234084001400242020001600256600003800272600004900310600003400359505001100393990001800404INLIS00000000000496320240219080357 a0010-02240000511 aPlastik dan Lingkungan/Seri Life Skill Lingkungan Hidup /cKathryn Whyman0 aKathryn Whyman aCet.2 a32 hlm, :bilus ;c21 x 29,5 cm aBandung; :bPakar Raya,c2009. a553 a553 KAT p a979534305-x aPengalih Bahasa,Yosephine Ratih I aPenyunting Bahasa dan Materi,Ir.Rudiyanto MA aPenggambar Ulang,Deni sarjoko aIndeks a7192/P/S/2013